| 000 | 00567nam a2200193 u 4500 | ||
|---|---|---|---|
| 005 | 20230602063600.0 | ||
| 008 | 100624s2008 r 000 0 eng d | ||
| 020 | _a9789708120654 | ||
| 035 | _aUPN01000176965 | ||
| 049 | _aCG | ||
| 050 | 4 |
_aPQ7298.22 A9.4 _bC6 |
|
| 100 | 1 |
_aLavín, Mónica, _d1955- _938815 |
|
| 245 | 1 | 3 |
_aLa corredora de Cuemanco y el aficionado a Schubert / _cMónica Lavín. |
| 260 |
_aMéxico : _bPunto de Lectura, _c2008. |
||
| 300 | _a127 p. | ||
| 440 | 0 |
_aPunto de lectura ; _v306.1 |
|
| 650 | 4 |
_aCuentos mexicanos _96937 |
|
| 905 | _aLibro | ||
| 999 |
_c149068 _d149068 |
||